Error control coding (Record no. 212444)
[ view plain ]
| 000 -LEADER | |
|---|---|
| fixed length control field | 00804 a2200181 4500 |
| 003 - CONTROL NUMBER IDENTIFIER | |
| control field | Nust |
| 005 - DATE AND TIME OF LATEST TRANSACTION | |
| control field | 20230602164855.0 |
| 020 ## - INTERNATIONAL STANDARD BOOK NUMBER | |
| International Standard Book Number | 0132841266 |
| 040 ## - CATALOGING SOURCE | |
| Transcribing agency | Nust |
| 082 ## - DEWEY DECIMAL CLASSIFICATION NUMBER | |
| Classification number | 005.72,SWE |
| 100 ## - MAIN ENTRY--PERSONAL NAME | |
| Personal name | Sweeney,Peter |
| 9 (RLIN) | 95066 |
| 245 ## - TITLE STATEMENT | |
| Title | Error control coding |
| Remainder of title | an introduction / |
| Statement of responsibility, etc. | Sweeney,Peter |
| 260 ## - PUBLICATION, DISTRIBUTION, ETC. | |
| Place of publication, distribution, etc. | UK |
| Name of publisher, distributor, etc. | prentice hall |
| Date of publication, distribution, etc. | 1991 |
| 300 ## - PHYSICAL DESCRIPTION | |
| Extent | 199p |
| 505 ## - FORMATTED CONTENTS NOTE | |
| Formatted contents note | Principles of coding (Page-1), Linear block codes (Page-23), Cyclic codes (Page-46), Block codes based on finite field arithmetic (Page-70), Convolutional codes (Page-110), Coding for bursty channels (Page- 133), Concatenated codes (Page-150), Coding for bandwidth limited channels (Page-159), Error detection methods (Page-169), Selection of a coding scheme (Page-185). |
| 650 ## - SUBJECT ADDED ENTRY--TOPICAL TERM | |
| Topical term or geographic name entry element | error control coding |
| 9 (RLIN) | 74011 |
| 942 ## - ADDED ENTRY ELEMENTS (KOHA) | |
| Source of classification or shelving scheme | |
| Koha item type | Book |
| Withdrawn status | Lost status | Source of classification or shelving scheme | Damaged status | Not for loan | Permanent Location | Current Location | Shelving location | Date acquired | Full call number | Barcode | Date last seen | Price effective from | Koha item type | Public note |
|---|---|---|---|---|---|---|---|---|---|---|---|---|---|---|
| Military College of Signals (MCS) | Military College of Signals (MCS) | General Stacks | 12/12/2016 | 005.72,SWE | MCS577 | 12/08/2016 | 12/12/2016 | Book | Almirah No.81, Shelf No.2 |
